A carregar...

DRAVIDAVRITHANGALUM AVAYUDE DASAPARINAMANGALUM

Detalhes bibliográficos
Autor principal: RAMAVARMA APPANTAMPURAN
Formato: Printed Book
Publicado em: CALICUT THE MATHRUBHUMI PRINTING & PUBLISHING 1987
Assuntos:
LEADER 00494nam a2200169 4500
020
082
100 |a RAMAVARMA APPANTAMPURAN 
245 |a DRAVIDAVRITHANGALUM AVAYUDE DASAPARINAMANGALUM  |h MALAYALAM 
250
260 |a CALICUT  |b THE MATHRUBHUMI PRINTING & PUBLISHING  |c 1987 
300 |a 42 p  |f HB 
650 |a DRAVIDAVRITHANGALUM AVAYUDE DASAPARINAMANGALUM 
700
942 |c TB 
999 |c 155615  |d 155615 
952 |0 0  |1 0  |4 0  |7 0  |9 169072  |a ORI  |b ORI  |l 0  |p ORI4169/M  |r 2019-10-25  |w 2019-10-25  |y TB